000 00300nam a2200133Ia 4500
100 _aMehta/ N. V.
650 _aGeneral
942 _cBK
654 _aIncome-Tax
245 _aIncome - Tax Ready Reckoner 2003-2004
260 _bShri kuber publication
_aBombay
300 _a352
546 _aENGLISH
999 _c30943
_d30943